| 000 | 00751nam a2200241 i 4500 | ||
|---|---|---|---|
| 001 | bg | ||
| 245 | 0 | 0 |
_aEncyklopedia geograficzna świata. _nT. 3, _pAmeryka Południowa / _c[red. tomu Adam Jelonek, Andrzej Bonasewicz ; red. Adam Jelonek]. |
| 260 |
_aKraków : _b[OPRES : _bPPWK], _c1996. |
||
| 300 |
_a480 s. : _bfot., mapy, rys. kolor. ; _c25 cm. |
||
| 504 | _aBibliogr. s. 469-470. - Indeks. | ||
| 650 | 9 | _aGeografia | |
| 651 | 9 |
_aAmeryka Południowa _xgeografia |
|
| 655 | _aEncyklopedie | ||
| 700 | 1 |
_aJELONEK, Adam. _eRed. |
|
| 700 | 1 |
_aBONASEWICZ, Andrzej. _eRed. |
|
| 020 | _a8385909192 | ||
| 040 | _cBPK | ||
| 041 | 0 | _apl | |
| 080 | _a918(03) | ||
| 920 | _a83-85909-19-2 | ||
| 942 | _cKS | ||
| 008 | s pl f |000 0 pol | ||
| 999 |
_c31236 _d31236 |
||
| 856 |
_uhttp://koha.tu.koszalin.pl/cgi-bin/koha/opac-detail.pl?biblionumber=31236 _yKatalog online BPK |
||